Živý a pôsobivý odkaz revolúcie K 70. výročiu Maďarskej republiky rád

Bibliographic Details
Main Author: Vilček, Gejza, 1930-2004 (Author)
Format: Article
Language:Slovak
Subjects:

MARC

LEADER 00000nab a2200000 a 4500
001 vtls000347514
003 SK-MaSNL
005 20260305012619.0
008 160202c1989 xo 0 slo
015 |a SNBRB19rr/mm-uuuuu 
035 |a CL0347636 
040 |a SNKBUCL  |b slo  |c SNKBUCL  |e AACR2 
041 0 |a slo 
044 |a xo  |c SK 
080 |a 943.9  |2 1981 
080 |a 323(100-11)(439)(091)  |2 1981 
100 1 |a Vilček, Gejza,  |d 1930-2004  |4 aut  |9 21093 
245 1 0 |a Živý a pôsobivý odkaz revolúcie  |b K 70. výročiu Maďarskej republiky rád  |c Gejza Vilček 
650 0 7 |a vnútorná politika  |2 snkbucl  |9 970 
651 7 |a Maďarsko  |2 snkbucl  |9 16754 
651 7 |a Maďarská republika rád (1919)  |2 snkbucl  |9 201948 
655 7 |a články z novín a časopisov  |2 snkbucl  |9 267496 
773 0 |t Pravda  |g Roč. 70, č. 68 (21. 3. 1989), s. 6 
850 |a Slovenská národná knižnica v Martine  |a MTA001 
852 |a SNK  |b KIS3GCP 
958 |a RK 
958 |a HU 
992 |a RBX 
999 |c 3258331  |d 3260261